[Event "Kragero Resort A 2020"]
[Site "Kragero"]
[Date "2020.02.20"]
[Round "3.21"]
[White "Kaasen, Tor Fredrik"]
[Black "Kvaloy, Aksel Bu"]
[Result "1/2-1/2"]
[WhiteElo "2393"]
[BlackElo "2174"]
[Annotator "RC"]
[PlyCount "98"]
[EventDate "2020.02.19"]
[EventType "swiss"]
[EventCountry "NOR"]
[SourceTitle "playchess.com"]
[Source "ChessBase"]
[SourceQuality "1"]
[TimeControl "5400+30"]

1. e4 {[%emt 0:03:06]} c5 {[%emt 0:00:00]} 2. Nf3 {[%emt 0:01:39]} d6 {[%emt 0:00:00]} 3. d4 {[%emt 0:00:20]} cxd4 {[%emt 0:00:00]} 4. Nxd4 {[%emt 0:00:15]} Nf6 {[%emt 0:00:02]} 5. Nc3 {[%emt 0:00:05]} a6 {[%emt 0:00:04]} 6. h3 {[%emt 0:00:17]} b5 {[%emt 0:00:16]} 7. a4 {[%emt 0:02:06]} b4 {[%emt 0:01:11]} 8. Nd5 {[%emt 0:01:54]} e6 {[%emt 0:00:37]} 9. Nxf6+ {[%emt 0:03:17]} Qxf6 {[%emt 0:00:09]} 10. g3 {[%emt 0:00:38]} Bb7 {[%emt 0:04:23]} 11. Bg2 {[%emt 0:00:37]} Nd7 {[%emt 0:03:19]} 12. O-O {[%emt 0:01:37]} Nc5 {[%emt 0:02:36]} 13. Re1 {[%emt 0:01:07]} e5 {[%emt 0:06:54]} 14. Nb3 {[%emt 0:06:47]} Nxb3 {[%emt 0:04:16]} 15. cxb3 {[%emt 0:00:11]} a5 {[%emt 0:04:44]} 16. Qd3 {[%emt 0:04:19]} Qe6 {[%emt 0:03:40]} 17. Qb5+ {[%emt 0:07:34]} Qd7 {[%emt 0:00:09]} 18. Be3 {[%emt 0:00:12]} Be7 {[%emt 0:17:36]} 19. Rec1 {[%emt 0:04:51]} Bd8 {[%emt 0:04:13]} 20. h4 {[%emt 0:03:11]} Ba6 {[%emt 0:01:38]} 21. Bf1 {[%emt 0:06:44]} Bxb5 {[%emt 0:05:14]} 22. Bxb5 {[%emt 0:00:10]} Ke7 {[%emt 0:00:37]} 23. Bxd7 {[%emt 0:00:21]} Kxd7 {[%emt 0:00:04]} 24. Rc4 {[%emt 0:00:35]} Be7 {[%emt 0:05:31]} 25. Rd1 {[%emt 0:06:24]} Rhc8 {[%emt 0:07:16]} 26. Rd5 {[%emt 0:02:16]} Bd8 {[%emt 0:01:45]} 27. Kf1 {[%emt 0:03:22]} Rc6 {[%emt 0:04:34]} 28. Ke2 {[%emt 0:02:00]} Rac8 {[%emt 0:08:06]} 29. Kd3 {[%emt 0:01:02]} Ke6 {[%emt 0:01:06]} 30. Rb5 {[%emt 0:01:26]} Kd7 {[%emt 0:01:21]} 31. h5 {[%emt 0:06:27]} h6 {[%emt 0:02:18]} 32. g4 {[%emt 0:03:11]} Ke6 {[%emt 0:02:46]} 33. Rb7 {[%emt 0:02:35]} R6c7 {[%emt 0:02:28]} 34. Ra7 {[%emt 0:02:44]} Rxc4 {[%emt 0:03:39]} 35. bxc4 {[%emt 0:00:17]} Rc6 {[%emt 0:02:06]} 36. Rb7 {[%emt 0:00:40]} Bc7 {[%emt 0:01:56]} 37. Rb5 {[%emt 0:01:11]} Kd7 {[%emt 0:00:59]} 38. Rd5 {[%emt 0:01:43]} Ke6 {[%emt 0:00:39]} 39. c5 {[%emt 0:02:40]} dxc5 {[%emt 0:00:12]} 40. Bxc5 {[%emt 0:00:44]} Bd6 {[%emt 0:00:34]} 41. Kc4 {[%emt 0:01:15]} Bxc5 {[%emt 0:00:50]} 42. Rxc5 {[%emt 0:00:06]} Kd6 {[%emt 0:00:24]} 43. Rxc6+ {[%emt 0:05:06]} Kxc6 {[%emt 0:00:07]} 44. b3 {[%emt 0:01:51]} g5 {[%emt 0:00:44]} 45. f3 {[%emt 0:01:05]} f6 {[%emt 0:00:06]} 46. Kd3 {[%emt 0:00:08]} Kc5 {[%emt 0:00:06]} 47. Ke3 {[%emt 0:00:05]} Kc6 {[%emt 0:00:24]} 48. Kd2 {[%emt 0:00:05]} Kd6 {[%emt 0:00:11]} 49. Kc2 {[%emt 0:00:06]} Kc6 {[%emt 0:00:09]} 1/2-1/2

[Event "Kragero Resort A 2020"]
[Site "Kragero"]
[Date "2020.02.20"]
[Round "3.22"]
[White "Kjartansson, David"]
[Black "Altarbosh, Ward"]
[Result "0-1"]
[WhiteElo "2356"]
[BlackElo "2149"]
[Annotator "TA"]
[PlyCount "70"]
[EventDate "2020.02.19"]
[EventType "swiss"]
[EventCountry "NOR"]
[SourceTitle "playchess.com"]
[Source "ChessBase"]
[SourceQuality "1"]

{[%evp 15,80,7,25,3,12,-51,-54,-61,-47,-26,-25,-41,0,-25,-19,-39,-32,-56,-50,-73,-45,-43,-54,-53,0,-52,-14,-79,0,-62,10,0,0,-156,-146,-313,-246,-404,-413,-446,-454,-459,-460,-480,-467,-444,-310,-288,-220,-188,-216,-426,-411,-402,-406,-987,-1003,-2363,-2409,-2191,-2364,-5197,-2860,-1969,-1953,-29989,-29990]} 1. d4 d5 2. c4 c6 3. Nc3 Nf6 4. e3 e6 5. Nf3 Nbd7 6. Bd3 dxc4 7. Bxc4 b5 {[%cal Bb7b5,Bb5b4][%mdl 32]} 8. Bd3 Bd6 9. Qc2 {D47: Semi-Slav: Meran System.} Bb7 10. a4 (10. e4 $11 e5 11. dxe5 Nxe5 12. Nxe5 Bxe5 13. O-O) 10... b4 $15 11. Ne4 {Black is slightly better.} Nxe4 12. Bxe4 Rc8 13. O-O {[#]} g6 $146 ({Predecessor:} 13... f5 14. Bd3 c5 15. Qe2 c4 16. Bb1 Nf6 17. e4 fxe4 18. Ng5 Bd5 19. f3 exf3 20. Nxf3 {1-0 (41) Plaskett,H (2495)-Lopez Martinez,J (2499) Roquetas de Mar 2013}) 14. Qe2 O-O 15. Bd2 a5 16. Rac1 Qb6 17. h4 Nf6 {[%cal Bd7f6,Bf6h5,Bh5g3][%mdl 32]} 18. Bd3 c5 19. e4 c4 ({Don't play} 19... cxd4 $6 20. e5 $16) (19... Ng4 $15) 20. Bb1 (20. Bxc4 $11 Nxe4 21. Be3) 20... Nh5 21. Be3 (21. Bh6 $11 {remains equal.}) 21... Bb8 (21... Ba6 $17 {Strongly threatening ...Nf4.} 22. e5 Be7) 22. Rfd1 (22. Rfe1 $11) 22... Qd6 (22... Nf4 $1 $15 23. Qe1 Nd3 24. Bxd3 cxd3) 23. e5 Qd5 24. Ne1 $2 ({White should try} 24. Bh6 $11) 24... f5 $36 {[%mdl 2048] White is under strong pressure.} 25. f3 $2 {This costs White the game.} (25. Bh6 $17) 25... Ng3 $19 26. Qf2 $2 (26. Qd2 {was the only defense.}) 26... f4 27. Bxf4 Rxf4 28. Qxg3 Rxd4 29. Be4 Qc5 {[#] And now ...Rxd1+ would win.} ({And not} 29... Rxd1 30. Bxd5 Rxd5 31. f4 $11) 30. Kh1 Bxe5 31. Qg4 Bd5 {Threatens to win with ...Rxd1.} 32. Nd3 Qd6 ({Worse is} 32... cxd3 33. Rxc5 Rxc5 34. Qg5 $11) (32... Rxd3 33. Rxd3 cxd3 34. Rxc5 $11) 33. Nf2 $2 (33. Nxe5 {was necessary.} Qxe5 34. Rxd4 Qxd4 35. h5) 33... c3 34. bxc3 Rxc3 35. Re1 (35. h5 $142 Bxe4 36. fxe4) 35... Bxe4 {Played: Be5-g3} 0-1

[Event "Kragero Resort A 2020"]
[Site "Kragero"]
[Date "2020.02.20"]
[Round "3.23"]
[White "Kizatbay, Abyl"]
[Black "Stanford, Maxim Barth"]
[Result "1/2-1/2"]
[WhiteElo "2142"]
[BlackElo "2339"]
[Annotator "RC"]
[PlyCount "116"]
[EventDate "2020.02.19"]
[EventType "swiss"]
[EventCountry "NOR"]
[SourceTitle "playchess.com"]
[Source "ChessBase"]
[SourceQuality "1"]
[TimeControl "5400+30"]

1. e4 {[%emt 0:00:00]} c5 {[%emt 0:00:00]} 2. Nf3 {[%emt 0:00:00]} Nc6 {[%emt 0:00:00]} 3. Bb5 {[%emt 0:00:00]} g6 {[%emt 0:00:00]} 4. O-O {[%emt 0:00:00]} Bg7 {[%emt 0:00:00]} 5. c3 {[%emt 0:00:00]} Nf6 {[%emt 0:00:14]} 6. Re1 {[%emt 0:00:05]} O-O {[%emt 0:00:29]} 7. h3 {[%emt 0:00:11]} e5 {[%emt 0:06:03]} 8. Bxc6 {[%emt 0:12:30]} dxc6 {[%emt 0:00:52]} 9. Nxe5 {[%emt 0:10:19]} Re8 {[%emt 0:00:19]} 10. Nf3 {[%emt 0:16:19]} Rxe4 {[%emt 0:01:16]} 11. Rxe4 {[%emt 0:05:14]} Nxe4 {[%emt 0:00:05]} 12. d3 {[%emt 0:05:40]} c4 {[%emt 0:00:55]} 13. d4 {[%emt 0:00:36]} Be6 {[%emt 0:00:22]} 14. Nbd2 {[%emt 0:06:09]} Nxd2 {[%emt 0:03:20]} 15. Bxd2 {[%emt 0:03:49]} Qb6 {[%emt 0:04:22]} 16. Qc1 {[%emt 0:04:17]} Bd5 {[%emt 0:01:06]} 17. Ne5 {[%emt 0:04:44]} Re8 {[%emt 0:03:45]} 18. a4 {[%emt 0:10:10]} Qd8 {[%emt 0:06:05]} 19. Bf4 {[%emt 0:05:05]} f6 {[%emt 0:06:35]} 20. Ng4 {[%emt 0:00:56]} g5 {[%emt 0:00:39]} 21. Bh2 {[%emt 0:00:43]} f5 {[%emt 0:08:09]} 22. Ne3 {[%emt 0:01:24]} f4 {[%emt 0:01:33]} 23. Nxd5 {[%emt 0:01:41]} Qxd5 {[%emt 0:00:31]} 24. Qd2 {[%emt 0:00:44]} c5 {[%emt 0:01:37]} 25. Re1 {[%emt 0:02:07]} Rxe1+ {[%emt 0:03:41]} 26. Qxe1 {[%emt 0:00:02]} cxd4 {[%emt 0:00:09]} 27. cxd4 {[%emt 0:00:03]} Kf7 {[%emt 0:02:27]} 28. h4 {[%emt 0:00:11]} Qxd4 {[%emt 0:01:06]} 29. hxg5 {[%emt 0:00:59]} Qxb2 {[%emt 0:03:42]} 30. Bxf4 {[%emt 0:00:34]} Qa1 {[%emt 0:00:47]} 31. Bc1 {[%emt 0:06:20]} Bb2 {[%emt 0:01:39]} 32. Qe4 {[%emt 0:00:07]} Qxc1+ {[%emt 0:02:58]} 33. Kh2 {[%emt 0:00:06]} Qxg5 {[%emt 0:08:12]} 34. Qxb7+ {[%emt 0:00:44]} Kf6 {[%emt 0:00:06]} 35. Qc6+ {[%emt 0:00:42]} Kf5 {[%emt 0:00:31]} 36. Qc8+ {[%emt 0:01:30]} Kg6 {[%emt 0:00:31]} 37. Qxc4 {[%emt 0:00:53]} Qh6+ {[%emt 0:02:13]} 38. Kg3 {[%emt 0:00:03]} Be5+ {[%emt 0:00:22]} 39. Kf3 {[%emt 0:00:23]} Qh5+ {[%emt 0:00:36]} 40. g4 {[%emt 0:00:34]} Qh3+ {[%emt 0:01:20]} 41. Ke2 {[%emt 0:00:07]} Qc3 {[%emt 0:06:03]} 42. Qg8+ {[%emt 0:03:21]} Kf6 {[%emt 0:03:48]} 43. g5+ {[%emt 0:01:08]} Kf5 {[%emt 0:00:24]} 44. Qxh7+ {[%emt 0:00:23]} Kxg5 {[%emt 0:00:08]} 45. Qxa7 {[%emt 0:00:06]} Qc4+ {[%emt 0:00:14]} 46. Kf3 {[%emt 0:01:19]} Qg4+ {[%emt 0:00:43]} 47. Ke3 {[%emt 0:00:01]} Bf4+ {[%emt 0:00:22]} 48. Kd3 {[%emt 0:00:11]} Qd1+ {[%emt 0:01:49]} 49. Kc4 {[%emt 0:00:12]} Qe2+ {[%emt 0:00:55]} 50. Kd5 {[%emt 0:00:31]} Qe5+ {[%emt 0:00:35]} 51. Kc6 {[%emt 0:00:19]} Qd6+ {[%emt 0:01:13]} 52. Kb5 {[%emt 0:00:20]} Qd3+ {[%emt 0:01:15]} 53. Kc6 {[%emt 0:00:12]} Qd6+ {[%emt 0:02:20]} 54. Kb5 {[%emt 0:00:04]} Kg4 {[%emt 0:01:23]} 55. Qg7+ {[%emt 0:01:38]} Kf3 {[%emt 0:00:11]} 56. Qc3+ {[%emt 0:00:07]} Ke2 {[%emt 0:01:20]} 57. Qc4+ {[%emt 0:00:28]} Kxf2 {[%emt 0:03:41]} 58. Qc5+ {[%emt 0:00:04]} Qxc5+ {[%emt 0:00:00]} 1/2-1/2

[Event "Kragero Resort A 2020"]
[Site "Kragero"]
[Date "2020.02.20"]
[Round "3.24"]
[White "Alinasab, Mobina"]
[Black "Mansoor, Afras"]
[Result "1-0"]
[WhiteElo "2333"]
[BlackElo "2105"]
[Annotator "TA"]
[PlyCount "53"]
[EventDate "2020.02.19"]
[EventType "swiss"]
[EventCountry "NOR"]
[SourceTitle "playchess.com"]
[Source "ChessBase"]
[SourceQuality "1"]

{[%evp 12,56,23,11,9,9,16,5,24,18,27,34,73,64,170,160,174,174,176,189,256,222,200,237,393,395,795,515,505,334,718,401,410,402,845,839,1023,1023,971,953,857,843,1018,658,29997,29998,29999]} 1. e4 e5 2. Nf3 Nc6 3. Bb5 Nf6 4. d3 Bc5 5. c3 d6 6. O-O O-O 7. Bg5 h6 {C65: Ruy Lopez: Berlin Defence (3...Nf6), unusual lines and 4 0-0 Bc5.} 8. Bh4 a6 9. Ba4 b5 {The position is equal.} 10. Bb3 Bb6 11. a4 Bb7 12. Na3 {[#]} g5 $146 {[#]} (12... b4 $14 13. Nc4 Rb8) ({Predecessor:} 12... b4 13. Nc4 bxc3 14. bxc3 Na5 15. Nxb6 cxb6 16. Ba2 Rc8 17. Qd2 Bc6 18. Rfb1 Kh7 {1-0 (32) Zambor,N (2289)-Federic,P (2143) Slovakia 2017}) 13. Nxg5 $1 $18 {[%mdl 512]} hxg5 14. Bxg5 Kg7 {[#]} 15. Qf3 $1 {[%mdl 1024] White has strong compensation.} Rg8 (15... Na5 $142 16. Bd1 Bc8) 16. Bd5 (16. axb5 axb5 17. Nc2 Rxa1 $18) 16... Na5 {[#]} 17. b4 $1 $40 {[%cal Rb4a5][%mdl 128] White has strong attack.} ({Weaker is} 17. Qh3 Rh8 $11) 17... Nc6 $2 (17... Bxd5 18. bxa5 Bxa5) 18. Nc2 ({Not} 18. axb5 axb5 19. Nxb5 Qe7 $18) 18... Ra7 $2 (18... Qe7 19. Ne3 Nxd5 20. Bxe7 Ndxe7) 19. Bxc6 Bxc6 20. Ne3 Bd7 $2 (20... bxa4 21. Qh3 Rh8) 21. a5 Bxe3 22. fxe3 {[%cal Rg5f6]} Kf8 (22... Qf8 $142 23. Bxf6+ Kh6) 23. Bxf6 Qe8 24. Qh5 {White wants to mate with Qh6+.} Qe6 25. Qh6+ Ke8 26. Rf5 Bc6 27. Qh7 {Played: Rf5-g5} 1-0

[Event "Kragero Resort A 2020"]
[Site "Kragero"]
[Date "2020.02.20"]
[Round "3.25"]
[White "Bergvoll, Mats"]
[Black "Vijayalakshmi, Subbaraman"]
[Result "0-1"]
[WhiteElo "2059"]
[BlackElo "2331"]
[Annotator "TA"]
[PlyCount "82"]
[EventDate "2020.02.19"]
[EventType "swiss"]
[EventCountry "NOR"]
[SourceTitle "playchess.com"]
[Source "ChessBase"]
[SourceQuality "1"]

{[%evp 15,82,68,102,99,104,78,89,88,91,98,128,141,139,125,162,141,155,162,160,143,201,187,253,192,227,135,142,70,160,137,150,0,0,-8,0,0,0,-289,-270,-452,-427,-392,-390,-344,-367,-325,-116,-84,-2,-496,-472,-457,-435,-387,-149,-126,-135,-127,-129,-811,-765,-695,-662,-2370,-2156,-12843,-12843,-12844,-12843]} 1. d4 g6 2. c4 Bg7 3. Nc3 d6 4. e4 Nc6 5. Be3 e5 6. d5 Nd4 7. Nge2 Nxe2 8. Bxe2 Ne7 9. O-O {A42: Modern Defence: Averbakh Variation.} O-O 10. b4 f5 11. f3 {[#] White is better.} a5 $146 ({Predecessor:} 11... f4 12. Bf2 g5 13. c5 a6 14. Na4 Qe8 15. cxd6 cxd6 16. Nb6 Rb8 17. Rc1 Qd8 {1-0 (42) Freitas,M-Azevedo,E (1909) Fortaleza 2012}) 12. a3 {[%cal Ba2a3,Ba3b4,Bb4c5][%mdl 32]} f4 13. Bf2 axb4 14. axb4 Rxa1 15. Qxa1 g5 16. c5 h5 17. Nb5 dxc5 (17... g4 $16 {might work better.} 18. cxd6 cxd6) 18. bxc5 $18 Ng6 (18... g4 {was worth a try.} 19. Qa5 gxf3 20. Bxf3 c6 21. Qxd8 Rxd8) 19. Qa5 g4 20. fxg4 (20. Qxc7 g3 $14) (20. Nxc7 $18 g3 21. hxg3) 20... hxg4 $16 21. g3 (21. Bc4 $16) 21... fxg3 (21... Qg5 $1 $14) 22. hxg3 (22. Bxg3 Nf4 $11) 22... Qg5 23. Nxc7 $2 (23. c6 $16) 23... Nf4 $11 24. Qa2 $1 $132 {[%mdl 2048] White is not holding back} (24. gxf4 exf4 25. Qa2 g3 $19) 24... Nh3+ 25. Kg2 {aiming for d6+.} Qh6 26. Be1 $2 {[%mdl 8192]} (26. Ne6 $1 $11 Rxf2+ 27. Rxf2 Nxf2 28. Kxf2) 26... Rxf1 $1 $19 27. Kxf1 $2 (27. Bxf1 Qe3 {[%mdl 64] Double Attack} 28. d6+ Kh7 29. Bf2 Qf3+ 30. Kh2) 27... Qe3 $1 {[%csl Gh3,LRc5,LRe4][%cal Re3g1][%mdl 64] Double Attack} 28. d6+ {[#]} Kh8 $1 {[%csl Gh3][%cal Re3g1][%mdl 512]} 29. Bc4 Qf3+ ({Inferior is} 29... Qxe4 30. Bd5 $11) (29... Qxc5 30. Qa4 $11) 30. Bf2 {[#] White hopes to continue with Bd5.} Qh1+ $2 ({Stronger than} 30... Nxf2 31. Qxf2 Qh1+ 32. Qg1 $11) ({Worse is} 30... Qxe4 31. Bd5 $11) (30... Bh6 $1 $19 {and Black stays clearly on top.} 31. Bd5 Kg7) 31. Ke2 $17 Qxe4+ (31... Qg2 $17 32. Ke1 Bh6) 32. Kf1 $2 {[%mdl 8192]} (32. Be3 $1 $11) 32... Qh1+ $19 33. Ke2 {intending Be3.} Qf3+ 34. Ke1 Qc3+ $2 (34... Nxf2 $19 35. d7 Bxd7 36. Qxf2 Qc3+ {[%mdl 64] Double Attack} 37. Qd2 Qxg3+ 38. Qf2 Qc3+ {[%mdl 64] Double Attack} 39. Qd2 Qg3+ 40. Qf2 Qc3+ {[%mdl 64] Double Attack} 41. Qd2 Qg3+) 35. Ke2 $17 {next Qb3 is good for White.} Nxf2 36. Kxf2 {[#]} e4 $1 37. Qe2 $2 {[%mdl 8192]} (37. Nd5 $17 Qf3+ 38. Ke1 Qxg3+ 39. Qf2 Qxf2+ 40. Kxf2) 37... Bd4+ $19 {Black is clearly winning.} 38. Kg2 Qf3+ 39. Qxf3 gxf3+ (39... exf3+ $2 40. Kh2 $17) 40. Kh2 e3 {( -> ...e2)} 41. Be6 e2 {Accuracy: White = 46%, Black = 66%.} 0-1

[Event "Kragero Resort A 2020"]
[Site "Kragero"]
[Date "2020.02.20"]
[Round "3.26"]
[White "Khachatryan, Vahagn"]
[Black "Lund, Terje"]
[Result "1-0"]
[WhiteElo "2276"]
[BlackElo "2086"]
[Annotator "TA"]
[PlyCount "75"]
[EventDate "2020.02.19"]
[EventType "swiss"]
[EventCountry "NOR"]
[SourceTitle "playchess.com"]
[Source "ChessBase"]
[SourceQuality "1"]

{[%evp 13,75,-4,0,0,0,0,0,0,0,0,0,0,0,0,15,0,0,0,0,0,0,-33,-31,-40,-31,-79,0,0,0,0,0,-18,0,0,0,0,0,0,0,0,0,0,7,0,0,-576,0,0,0,0,0,0,120,116,156,147,626,605,627,626,5477,864,918,762]} 1. c4 c6 2. e4 d5 3. exd5 cxd5 4. cxd5 Nf6 5. Qa4+ Nbd7 6. Nc3 g6 7. Bc4 Bg7 8. Nf3 {B10: Caro-Kann: 2 d3 and 2 c4.} O-O 9. d3 a6 {...b5 is the strong threat.} 10. Qa3 {The position is equal.} b6 {10...b6 scores better than 10...Nb6.} 11. O-O Bb7 12. Re1 Re8 13. Be3 Rc8 14. Qb4 Nc5 {[%cal Rf6d5]} 15. Bxc5 Rxc5 16. d4 Ra5 {[%cal Rf6d5]} 17. Ne5 (17. Re5 {seems wilder.} Nd7 18. Re2 Nf6 19. Re5) 17... Nxd5 18. Bxd5 Bxd5 19. Nxd5 {[#]} Qxd5 $146 ({Black should play} 19... Rxd5 $17 20. Qa3 Qd6 21. Qxa6 Rxd4) ({Predecessor:} 19... Rxd5 20. Nc6 Qd6 21. Qxd6 Rxd6 22. Rac1 e6 23. g3 Bf6 24. Re4 Kg7 25. Ne5 Red8 26. Rc7 Bxe5 27. dxe5 Rd4 {½-½ (27) Bortnyk,O (2565)-Bajarani,U (2532) Ordu 2016}) 20. Qxb6 $11 {aiming for a4.} Rxa2 21. Nc6 Bf6 22. h3 (22. Rxa2 {keeps more tension.} Qxa2 23. g3 e6 24. b4 Kg7 25. h4) 22... Rxa1 23. Rxa1 Kg7 24. Rxa6 Qc4 25. g3 h5 26. h4 Qe2 27. Ra1 Rc8 28. b4 {[%cal Bb2b4,Bb4b5,Bb5b6,Bb6b7][%mdl 32]} Qb2 29. Re1 $2 {[%mdl 8192]} (29. Rf1 $11) 29... Qd2 $2 (29... Qc3 $19 30. Re3 Qc1+ 31. Kg2 Rxc6) 30. Ra1 Qb2 (30... Qc3 $5 31. Ra6 $8 Qe1+ 32. Kg2 Bxh4 $1 {[%mdl 512]} 33. gxh4 Qe4+ 34. f3 Qe2+ 35. Kg3 Qe1+ 36. Kg2 Qe2+ 37. Kg3 Qe1+ 38. Kg2 Qe2+ $11) 31. Rf1 Qe2 32. b5 g5 (32... Ra8 $11) 33. hxg5 $16 Bxg5 34. Qc5 Qg4 $2 {[%mdl 8192]} (34... Bf6 $16) 35. b6 $18 {White is clearly winning.} h4 36. b7 hxg3 {next ...Bf4 is good for Black.} 37. Qe5+ (37. bxc8=Q $142 gxf2+ 38. Kxf2 (38. Kh1 $2 {gets mated.} Qf3+ 39. Kh2 Bf4#) 38... Bh4+ 39. Ke3 Qxc8 {[#]} 40. Rxf7+ $1 {[%mdl 512]} Kh6 41. Ne5 Bg5+ 42. Ke2 Qa6+ 43. Kf2 Qa2+ 44. Kg3) 37... f6 38. Qxg3 {Quite a comeback for White. Accuracy: White = 81%, Black = 71%.} 1-0

[Event "Kragero Resort A 2020"]
[Site "Kragero"]
[Date "2020.02.20"]
[Round "3.27"]
[White "Sgircea, Silvia-Raluca"]
[Black "Tunsjo, Axel"]
[Result "1/2-1/2"]
[WhiteElo "2275"]
[BlackElo "2035"]
[Annotator "TA"]
[PlyCount "59"]
[EventDate "2020.02.19"]
[EventType "swiss"]
[EventCountry "NOR"]
[SourceTitle "playchess.com"]
[Source "ChessBase"]
[SourceQuality "1"]

{[%evp 18,59,0,0,47,0,0,0,0,-14,5,5,134,12,28,28,25,19,20,11,15,-49,-50,-100,-29,-30,-26,-50,-32,-14,0,0,-2,-21,-16,-24,-24,-27,14,-27,24,-18,0,-5]} 1. Nf3 Nf6 2. c4 e6 3. Nc3 d5 4. e3 Be7 5. b3 O-O 6. Bb2 b6 7. d4 Bb7 8. Bd3 dxc4 9. bxc4 c5 10. O-O Na6 {E14: Queen's Indian: Classical Variation (4 e3).} 11. Ne5 (11. d5 $5) 11... Nb4 12. Be2 {[#]} Rc8 $146 ({Predecessor:} 12... Qc8 13. a3 Nc6 14. Nxc6 Bxc6 15. d5 Rd8 16. e4 e5 17. Qc2 Bd7 18. f4 exf4 {1-0 (37) Galkin,G (2134)-Ibarra,J (1899) Porto Carras 2018}) 13. Qd2 Nc6 14. Rfd1 Ne4 (14... cxd4 $11 15. exd4 Na5) 15. Nxc6 ({White has to play} 15. Nxe4 $16 {Black must now prevent Nxc6.} Nxe5 16. d5 (16. dxe5 Bxe4 17. f3 Qxd2 $11) 16... exd5 17. Bxe5 dxe4 18. Qb2) 15... Bxc6 $11 16. Nxe4 Bxe4 17. d5 exd5 18. cxd5 {Threatening f3.} Bd6 19. Bf1 (19. Qc3 $11 f6 20. Bg4) 19... Qg5 20. a4 Rfd8 (20... Bf3 $1 $17 21. g3 Bxd1 22. Rxd1 Rc7) 21. f4 Qg6 22. Bc4 Bb8 23. Qf2 h5 24. Rd2 Rd7 25. Rad1 Rcd8 26. Qg3 Qxg3 27. hxg3 f6 28. Kf2 Kf7 ({Better is} 28... Kf8) 29. Bc3 Kg6 30. Bb2 {Accuracy: White = 58%, Black = 63%.} 1/2-1/2

[Event "Kragero Resort A 2020"]
[Site "Kragero"]
[Date "2020.02.20"]
[Round "3.28"]
[White "Manukyan, Hayk T."]
[Black "Thorgeirsson, Jon Kristinn"]
[Result "0-1"]
[WhiteElo "1824"]
[BlackElo "2269"]
[Annotator "TA"]
[PlyCount "42"]
[EventDate "2020.02.19"]
[EventType "swiss"]
[EventCountry "NOR"]
[SourceTitle "playchess.com"]
[Source "ChessBase"]
[SourceQuality "1"]

{[%evp 9,42,58,68,-13,-30,-232,-232,-265,-265,-265,-261,-266,-259,-266,-274,-274,-269,-269,-269,-279,-279,-291,-292,-332,-324,-337,-340,-609,-604,-720,-714,-716,-706,-693,-681]} 1. d4 Nf6 2. Bg5 c5 3. d5 Qb6 4. Nc3 g6 5. e4 Bg7 6. e5 {A45: Trompowsky Attack.} (6. Rb1 $14) 6... Qxb2 $11 7. Bd2 $2 {[#]} (7. Nge2 $11 Ne4 8. Nxe4 Qxe5 9. N2c3) 7... Nxd5 $1 $19 {[%mdl 576] Discovered Attack, Decoy} 8. Nxd5 {aiming for Nf3.Black is clearly better.} Qxe5+ {[%mdl 64] Double Attack} 9. Be3 {[#]} Qxa1 $146 (9... e6 10. Nf3 $19) ({Predecessor:} 9... e6 10. Nf3 Qxd5 11. Qxd5 exd5 12. O-O-O d4 13. Bf4 O-O 14. Bd6 Re8 15. Bxc5 Nc6 {0-1 (31) Nechaev,O (2410)-Belyakov,B (2486) Sochi 2017}) 10. Nc7+ Kd8 11. Qxa1 Bxa1 12. Nxa8 Bc3+ 13. Kd1 b6 14. Bf4 {[#] Threatens to win with Bc7+.} d6 15. Nf3 f6 16. Bc4 Bb7 17. Bh6 d5 ({Don't do} 17... Bxa8 18. Bg7 $19) 18. Bf4 $2 (18. Nxb6 axb6 19. Bb5) 18... e5 {Black is clearly winning.} 19. Bh6 dxc4 20. Bg7 Re8 ({Less strong is} 20... Bxa8 21. Bxf6+ Kd7 22. Bxh8 $15) 21. Bxf6+ Kd7 {White did not feel at home in the position after the opening. Accuracy: White = 34%, Black = 100%.} 0-1